Πεζοί δρόμοι

Αποθηκεύτηκε σε:
Λεπτομέρειες βιβλιογραφικής εγγραφής
Κύριος συγγραφέας: Παλαμάς, Κωστής, 1859-1943 (Συγγραφέας εισαγωγής κ.λπ.)
Μορφή: Βιβλίο
Γλώσσα:Greek
Δημοσίευση: Αθήναι : Πέτρος Δημητράκος, 1934.
Θέματα:
Ετικέτες: Προσθήκη ετικέτας
Δεν υπάρχουν, Καταχωρήστε ετικέτα πρώτοι!

MARC

LEADER 00000cam a2200000 a 4500
001 1/120864
008 200211s1934####gr | ||| |||| ||gre||
040 |a GR-MyUa  |b gre  |c GR-MyUa  |e AACR2 
041 0 |a gre 
082 7 |a 889.1   |2 (23) 
100 1 |a Παλαμάς, Κωστής,   |d 1859-1943. 
245 1 0 |a Πεζοί δρόμοι /   |c Κωστή Παλαμά.  
260 |a Αθήναι :   |b Πέτρος Δημητράκος,   |c 1934.  
300 |a  τ. ;   |c 22 εκ.  
500 |a Περιέχει υποσημειώσεις.  
501 |a Με: Τα χρόνια μου και τα χαρτιά μου / Κωστή Παλαμά. Εν Αθήναις : Ιωάννης Δ. Κολλάρος, 1933. Δεμένα μαζί μετά τη δημοσίευσή τους.  
505 8 |a τ.3. Κάποιων νεκρών η ζωή  
650 0 |a Greek poetry, Modern  |y 20th century. 
700 1 |a Παλαμάς, Κωστής,   |d 1859-1943,  |e aui 
740 0 |a Κάποιων νεκρών η ζωή : προλεγόμενα-Παπαρρηγόπουλος-Βλάχος-Βερναδάκης-Moreas-Παπαδιαμάντης-Καρκαβίτσας-Μαβίλης-Δεληγεώργης-Θεοτόκης-Φουτρίδης-Richerin-Shakespeare-Mistral-Πορφύρας.  
740 3 |a Τα χρόνια μου και τα χαρτιά μου  
740 2 |a Η ποιητική μου 
740 3 |a Τα πρώτα χρόνια 
852 |a INST  |b RHODES  |c AKA  |e 20200211  |h 889.1 ΠΑΛ  |p 005400041385  |q 005400041385  |t BK  |v τομ.3:  |y 0 
853 |a INST  |b RHODES  |c AKA  |h 889.1 ΠΑΛ 
920 |a Ακαδημία Ρόδου  |y Ρόδος  |z 2004-06 
970 |a Μαρία  |b Κωτάκου  |z 11-02-2020